Perennially Popular Male Names Quiz Stats

Quiz Updated Feb 8, 2016

Challenge
Share
Tweet
Embed
Score 0/203 Timer 20:00
7 Plays Today
% Correct
John
94.7%
James
87.4%
Michael
85.6%
William
84.7%
David
82.9%
Robert
81.6%
Thomas
80.6%
Matthew
80.2%
Mark
79.3%
George
78.8%
Paul
78.1%
Will
78%
Andrew
77.9%
Peter
76.5%
Daniel
75.3%
Chris
73.6%
Richard
73.2%
Jose
73%
Steve
72.8%
Adam
72.2%
Joseph
71.6%
Christopher
71.3%
Jack
70.7%
Aaron
70.5%
Charles
69.8%
Frank
69.7%
Ben
69.5%
Alex
69.5%
Stephen
69.1%
Sam
68.8%
Steven
67.8%
Joe
67.7%
Harry
67.5%
Edward
66.6%
Benjamin
65.6%
Luke
65.5%
Alexander
64.5%
Samuel
64.2%
Henry
63.8%
Jonathan
62.8%
Timothy
62.8%
Mike
62.2%
Jacob
60.7%
Anthony
60%
Carl
56.6%
Nicholas
55.1%
Nathan
53.9%
Donald
53.7%
Patrick
53.7%
Eric
53.5%
Joshua
53.4%
Abraham
53%
Charlie
51.7%
Harold
50.5%
Andy
50%
Albert
49.5%
Allen
48.9%
Larry
48.2%
Frederick
46.8%
Martin
46.3%
Jake
45.6%
Phillip
45.2%
Francis
45.2%
Arthur
45%
Leo
45%
Kenneth
44.2%
Christian
43.3%
Jerry
43.3%
% Correct
Marcus
42.9%
Victor
42.8%
Walter
42.6%
Lawrence
42.6%
Louis
42.5%
Scott
42.5%
Tony
42.1%
Theodore
41.4%
Leon
41.1%
Philip
40.9%
Vincent
40.3%
Oliver
39.9%
Gerald
39.5%
Johnny
39.1%
Leonard
39.1%
Jackson
39%
Allan
39%
Ray
38.9%
Isaac
38.8%
Nathaniel
37.7%
Eddie
36.6%
Franklin
36.2%
Evan
36.1%
Raymond
35.7%
Simon
35.1%
Alfred
34.7%
Eli
34.1%
Juan
34%
Roger
32.8%
Bruce
32.4%
Max
31.9%
Lewis
31.6%
Douglas
31.6%
Howard
31.5%
Noah
31.4%
Carlos
31.4%
Mitchell
29.9%
Oscar
29.8%
Stanley
29.5%
Lee
29.4%
Jesse
29%
Edwin
28.9%
Wayne
28.6%
Jay
28.5%
Jeremiah
27.9%
Calvin
27.3%
Taylor
27.2%
Owen
26.8%
Seth
26.4%
Dean
25.9%
Edgar
25.4%
Elijah
25.1%
Neil
25.1%
Grant
25.1%
Joel
24.9%
Harrison
24.8%
Ralph
24.6%
Roy
24.6%
Marvin
24.3%
Austin
24.3%
Willie
24%
Warren
24%
Gabriel
23.8%
Ivan
23.5%
Russell
23.2%
Julian
23.1%
Alvin
23.1%
Adrian
22.9%
% Correct
Antonio
21.7%
Ernest
21.7%
Curtis
21.4%
Eugene
20.8%
Wesley
20.7%
Mason
20.4%
Ross
20.4%
Moses
19.4%
Wilson
18.6%
Clark
18.6%
Melvin
18.5%
Mathew
17.5%
Micheal
16.8%
Luis
16.7%
Pedro
16.6%
Jerome
16.5%
Julius
16.5%
Manuel
16.5%
Jessie
16.4%
Clay
16.3%
Rodney
16.2%
Elliott
16.1%
Troy
15.8%
Miles
15.7%
Levi
15.1%
Garrett
14.9%
Solomon
14.9%
Maurice
14.7%
Marshall
14.7%
Davis
14.6%
Morgan
14.6%
Jefferson
14.1%
Clayton
13.8%
Emmett
13.8%
Reginald
13.7%
Jasper
13.7%
Elias
13.6%
Roland
13.6%
Spencer
13.5%
Jean
13.2%
Clinton
13%
August
13%
Avery
12.9%
Felix
12.9%
Nelson
12.8%
Sidney
12.3%
Everett
12%
Francisco
11.9%
Byron
11.8%
Malcolm
11.8%
Wade
11.7%
Ellis
11.7%
Gilbert
11.3%
Riley
10.6%
Preston
10.2%
Israel
9.7%
Ramon
9.4%
Conrad
9.3%
Ruben
9%
Emanuel
8.8%
Cyrus
8.8%
Bryant
8.6%
Dallas
8.3%
Alonzo
7.9%
Sterling
7.1%
Harley
6.6%
Lorenzo
5.9%

You're not logged in!

Compare scores with friends on all Sporcle quizzes.
Join for Free
OR
Log In

You Might Also Like...

Show Comments

Extras

Top Quizzes Today


Score Distribution

Your Account Isn't Verified!

In order to create a playlist on Sporcle, you need to verify the email address you used during registration. Go to your Sporcle Settings to finish the process.

Report this User

Report this user for behavior that violates our Community Guidelines.

Details: